21 岐阜県の市町村 人口順 - Statistics

General Stats
  • This quiz has been taken 3 times
  • The average score is 19 of 42
Answer Stats
順位 人口 市町村 % Correct
1 392,299 岐阜市
100%
2 153,672 大垣市
100%
3 140,996 各務原市
100%
4 101,064 多治見市
100%
5 97,568 可児市
100%
6 81,207 関市
67%
7 79,519 高山市
67%
8 71,786 中津川市
67%
9 64,318 羽島市
67%
10 57,501 瑞穂市
67%
11 57,035 美濃加茂市
67%
12 51,475 土岐市
67%
14 35,419 郡上市
67%
15 35,018 瑞浪市
67%
13 44,006 恵那市
33%
16 31,778 本巣市
33%
17 30,104 海津市
33%
18 27,357 下呂市
33%
19 26,345 岐南町
33%
20 24,981 垂井町
33%
21 24,346 養老町
33%
22 23,208 山県市
33%
23 22,008 池田町
33%
24 21,874 笠松町
33%
26 20,404 飛騨市
33%
27 18,206 北方町
33%
28 17,783 美濃市
33%
29 17,706 神戸町
33%
30 17,309 揖斐川町
33%
33 9,436 川辺町
33%
34 9,239 八百津町
33%
35 9,021 輪之内町
33%
36 8,158 坂祝町
33%
37 6,293 白川町
33%
38 5,761 富加町
33%
39 5,757 関ケ原町
33%
40 2,846 七宗町
33%
41 1,800 東白川村
33%
42 1,392 白川村
33%
25 20,517 大野町
0%
31 16,644 御嵩町
0%
32 13,977 安八町
0%
No matching quizzes found
Score Distribution
Percent of People with Each Score
Percentile by Number Answered
Your Score History
You have not taken this quiz